[Event "180th open MGU"]
[Site "Sofia"]
[Date "2017.01.21"]
[Round "2.7"]
[White "Ruschukov, Boyan"]
[Black "Georgiev, Nikolay Zh."]
[Result "1-0"]
[WhiteElo "1844"]
[BlackElo "1623"]
[PlyCount "109"]
[EventDate "2017.01.21"]
[EventType "swiss"]
[EventRounds "6"]
[EventCountry "BUL"]

1. d4 d5 2. c4 c6 3. Nf3 Nf6 4. Nc3 dxc4 5. a4 Be6 6. e4 Na6 7. Ne5 ({RR} 7. e5
Nd5 8. Nd2 Nf4 9. Nf3 Nd3+ 10. Bxd3 cxd3 11. Qxd3 g6 12. Ne2 Bg7 13. O-O Nc5
14. Qc2 Nb3 15. Ra3 Nxc1 16. Rxc1 O-O 17. b4 Qd7 18. Ng3 a5 19. Qd2 axb4 20.
Qxb4 Ra7 21. Ne4 Bd5 {
Kolev,N (1841)-Georgiev,N (1506)/Sofia 2016/CBM 171 Extra/1-0 (45)}) 7... Qa5
8. Bd2 Qb6 9. Be3 $146 ({RR} 9. Bc1 O-O-O 10. Be3 Qxb2 11. Rc1 Nb4 12. Bxc4 Rg8
13. Bxe6+ fxe6 14. Nc4 Nc2+ 15. Qxc2 Qxc2 16. Rxc2 g6 17. f3 Bg7 18. O-O Rgf8
19. Rb1 Nd7 20. a5 Kc7 21. Na4 a6 22. Bf2 Kb8 23. Rcb2 b5 {
Cao,J (1980)-Romero,P/Montevideo 2014/CBM 159 Extra/1-0}) 9... Qxb2 10. Qc1
Qxc1+ 11. Rxc1 Nb4 12. f3 a5 13. Nxc4 Bxc4 14. Bxc4 e6 15. g4 h6 16. Ke2 Be7
17. h4 O-O-O 18. g5 hxg5 19. hxg5 Nh5 20. Kf2 g6 21. d5 cxd5 22. exd5 e5 23.
Bb6 Bxg5 24. Bxa5 Bxc1 25. Rxc1 Na6 26. Ne4 Kb8 27. Rb1 Ka8 28. Rd1 Rc8 29. Nd6
Nf6 30. Nxc8 Rxc8 31. Bb3 Nc5 32. Bc2 Nfd7 33. Bb4 b6 34. Ke3 Kb7 35. f4 Re8
36. f5 g5 37. Rg1 f6 38. Rh1 Kc7 39. Rh7 Ra8 40. Rf7 Kd6 41. a5 Re8 42. Be4
bxa5 43. Bxa5 Rb8 44. Bf3 Rb3+ 45. Kf2 Ra3 46. Bd8 e4 47. Be2 Ke5 48. Bb5 Ra7
49. Bc6 Kd6 50. Be7+ Ke5 51. Bxf6+ Kxf5 52. Bd4+ Kg6 53. Rg7+ Kh6 54. Re7 Ra2+
55. Kg3 1-0

[Event "180th open MGU"]
[Site "Sofia"]
[Date "2017.01.21"]
[Round "2.8"]
[White "Kostov, Nikolay"]
[Black "Ivanov, Oleg M."]
[Result "1-0"]
[WhiteElo "1709"]
[BlackElo "1604"]
[PlyCount "103"]
[EventDate "2017.01.21"]
[EventType "swiss"]
[EventRounds "6"]
[EventCountry "BUL"]

1. d4 Nf6 2. e3 g6 3. Bd3 Bg7 4. c4 O-O 5. Nc3 d6 6. h3 ({RR} 6. Nge2 Nc6 ({RR
} 6... c6 7. O-O Nbd7 8. e4 e5 9. d5 cxd5 10. cxd5 Nc5 11. Be3 Nxd3 12. Qxd3
Ng4 13. h3 Nxe3 14. Qxe3 h5 15. f4 Bh6 16. Kh2 Bd7 17. g3 Qe7 18. Rae1 b5 19.
b4 Rfc8 20. Qd3 h4 21. gxh4 {
Benkovsky,P (1677)-Ostrochovsky,A (1985)/Ruzomberok 2016/CBM 172 Extra/0-1 (41)
}) 7. O-O e5 8. d5 Ne7 9. Ng3 c6 10. e4 a6 11. Rb1 cxd5 12. cxd5 Nd7 13. Be3 h5
14. Rc1 f5 15. exf5 gxf5 16. f4 e4 17. Be2 Nf6 18. Nxh5 Nxh5 19. Bxh5 Bd7 20.
Qd2 Kh8 {
Fradkin,B (2385)-Rashkovsky,N (2530)/Kurgan 1993/CBM 038 Extra/1/2 (31)}) 6...
c5 $146 ({RR} 6... Nbd7 7. Nf3 c6 8. e4 Qc7 9. Bg5 e5 10. d5 Nc5 11. Bc2 a5 12.
a4 Kh8 13. O-O Nh5 14. Rb1 Nf4 15. Bh4 f5 16. Bg3 Bf6 17. Bh4 Qe7 18. Bxf6+
Qxf6 19. Kh2 g5 20. dxc6 bxc6 21. g3 {
Santana,E (1765)-Albano,R/Americana 2009/CBM 132 Extra/0-1}) ({RR} 6... e5 7.
d5 Na6 8. Nf3 Nc5 9. Bc2 a5 10. a4 Ne8 11. Ne4 Nxe4 12. Bxe4 f5 13. Bc2 h6 14.
e4 f4 15. b3 Nf6 16. h4 Bg4 17. Qd3 Nd7 18. Ba3 b6 19. Bd1 Bf6 20. g3 Bg7 21.
Nh2 {Pereiro,O-Ortiz,J/Fuengirola 2005/CBM 109 Extra/1/2 (40)}) ({RR} 6... a6
7. Nf3 e6 8. Qc2 Nc6 9. O-O Nb4 10. Qd1 Nxd3 11. Qxd3 c6 12. Qc2 b5 13. cxb5
cxb5 14. Bd2 Bb7 15. e4 Rc8 16. Qd3 b4 17. Ne2 a5 18. Ng3 Qb6 19. Rfe1 Ba6 20.
Qb3 Bc4 21. Qd1 {
Nuelken,M (1248)-Bergert,B (1163)/Leipzig 2011/CBM 141 Extra/1-0 (56)}) 7. Nf3
Nc6 8. O-O a6 9. Qe2 Bd7 10. Rd1 Nb4 11. Bb1 b6 12. e4 Nc6 13. e5 Ne8 14. exd6
exd6 15. dxc5 dxc5 16. Nd5 b5 17. Be3 Nc7 18. Nb6 Nd4 19. Bxd4 cxd4 20. Nxa8
Qxa8 21. Nxd4 Re8 22. Qd2 bxc4 23. Bc2 Ne6 24. Nxe6 Bxe6 25. Ba4 Rb8 26. Qd6
Bxb2 27. Rab1 c3 28. Bc6 Qa7 29. Be4 Bxa2 30. Qf6 a5 31. Rd8+ Rxd8 32. Qxd8+
Kg7 33. Re1 Qc5 34. Bc2 Be6 35. g4 h6 36. Rxe6 fxe6 37. Qd3 Qg5 38. Qd7+ Kf8
39. Qc8+ Ke7 40. Qc7+ Ke8 41. Ba4+ Kf8 42. Qc8+ Kg7 43. Qd7+ Kf6 44. Qd4+ Ke7
45. Qg7+ Kd6 46. Qd7+ Ke5 47. Qc7+ Kd4 48. Qd7+ Qd5 49. Qg7+ Kd3 50. Qxg6+ Kd2
51. Qxh6+ Ke1 52. Qe3# 1-0

[Event "180th open MGU"]
[Site "Sofia"]
[Date "2017.01.21"]
[Round "3.2"]
[White "Andreev, Dobrotich"]
[Black "Metev, Martin"]
[Result "1-0"]
[WhiteElo "1985"]
[BlackElo "2062"]
[PlyCount "37"]
[EventDate "2017.01.21"]
[EventType "swiss"]
[EventRounds "6"]
[EventCountry "BUL"]

1. e4 e6 2. d4 d5 3. Nd2 dxe4 4. Nxe4 Nd7 5. Bd3 Ngf6 6. Qe2 Be7 7. Nf3 b6 8.
Ne5 ({RR} 8. Nxf6+ Bxf6 9. Bf4 Bb7 10. O-O-O g5 11. Bg3 g4 12. Ne5 Bxe5 13.
Bxe5 Qg5+ 14. Kb1 Nxe5 {
1/2 Nestorovic,N (2435)-Brkljaca,A (2360)/Belgrade 2007/EXT 2010}) 8... Bb7 ({
RR} 8... Nxe5 9. dxe5 Nd7 10. Qg4 Nxe5 11. Qxg7 Nxd3+ 12. cxd3 Rf8 13. O-O Bb7
14. Bh6 f5 15. Nc3 Kd7 16. Qd4+ Kc8 17. Qc4 Rf6 18. Bf4 Rg6 19. f3 Bc5+ 20. Kh1
Bd6 21. Nb5 e5 22. Nxd6+ Qxd6 23. Rfe1 {
Tuncer,T (2175)-Kilic,E (1816)/Kocaeli 2015/CBM 167 Extra/1/2 (65)}) 9. Bb5 O-O
10. Nc6 $146 ({RR} 10. Bc6 Qc8 11. Nxf6+ Nxf6 12. Qf3 Bxc6 13. Nxc6 Qd7 14. O-O
Bd6 15. c4 h6 16. Rd1 Nh7 17. Be3 f5 18. Ne5 Qe8 19. h4 f4 20. Bd2 Bxe5 21.
dxe5 g5 22. g3 fxg3 23. Qxg3 Qh5 24. Kg2 Rad8 {
Tang,H-Tumanon,F/Beijing 1975/EXT 2012/1/2 (44)}) 10... Qe8 11. O-O a6 12.
Nxe7+ Qxe7 13. Bd3 Nxe4 14. Bxe4 Bxe4 15. Qxe4 c5 16. d5 Nf6 17. Bg5 Nxe4 18.
Bxe7 Rfe8 19. d6 {...} 1-0

[Event "180th open MGU"]
[Site "Sofia"]
[Date "2017.01.21"]
[Round "3.3"]
[White "Tenev, Bogdan"]
[Black "Krasteva, Beloslava"]
[Result "0-1"]
[WhiteElo "1450"]
[BlackElo "1986"]
[PlyCount "44"]
[EventDate "2017.01.21"]
[EventType "swiss"]
[EventRounds "6"]
[EventCountry "BUL"]

1. d4 d5 2. Nc3 e6 3. g3 Nf6 4. Bg5 ({RR} 4. Bg2 c5 5. dxc5 Bxc5 6. Nf3 Nc6 7.
O-O h6 8. b3 O-O 9. Bb2 b6 10. a3 Bb7 11. e3 Rc8 12. Qe2 Qe7 13. Rfd1 Rfd8 14.
Nb5 Ne4 15. Nfd4 a6 16. Nxc6 Rxc6 17. Bxe4 dxe4 18. Qg4 Rxd1+ {
Bogdan,D (2395)-Istratescu,A (2535)/Herculane 1996/CBM 056 Extra/0-1 (34)}) ({
RR} 4. a3 Nbd7 5. e3 c6 6. Bd2 Bd6 7. Bg2 O-O 8. e4 dxe4 9. Nxe4 Nxe4 10. Bxe4
Nf6 11. Bg5 h6 12. Bxf6 Qxf6 13. Nf3 e5 14. d5 Bc5 15. b4 Bb6 16. c4 cxd5 17.
Bxd5 e4 18. c5 exf3 {Patkai,A-Bocska,J (2004)/Hungary 2015/EXT 2016/0-1}) 4...
c5 $146 ({RR} 4... Be7 5. Nf3 O-O 6. Bg2 Nbd7 7. a3 c5 8. e3 b6 9. O-O Bb7 10.
Rc1 Rc8 11. Re1 cxd4 12. Qxd4 h6 13. Bxf6 Bxf6 14. Qb4 Rc4 15. Qb3 Nc5 16. Qa2
Bxc3 17. bxc3 Rxc3 18. Bf1 Qf6 19. Nd2 {
Vegh,I (1855)-Horvath,R (2042)/Hungary 2003/EXT 2009/0-1}) ({RR} 4... h6 5.
Bxf6 Qxf6 6. e4 Bb4 7. e5 Qe7 8. Nf3 c5 9. Bg2 Nc6 10. O-O cxd4 11. Nb5 O-O 12.
Nbxd4 Nxd4 13. Nxd4 Bd7 14. c3 Ba5 15. Re1 a6 16. Re3 Rfc8 17. Rf3 Rc7 18. Rf4
Rf8 19. Bf1 {Minani,F-Press,S/Istanbul 2000/EXT 2001/0-1 (68)}) 5. e3 Nc6 6.
Nge2 h6 7. Bxf6 Qxf6 8. Bg2 cxd4 9. Nxd4 Bb4 10. Qd3 O-O 11. O-O Ne5 12. Qd1
Bxc3 13. bxc3 b6 14. e4 Ba6 15. Re1 dxe4 16. Rxe4 Rac8 17. f4 Nc4 18. Bf1 Bb7
19. Re1 Rfd8 20. Qc1 Rxd4 21. cxd4 Qxd4+ 22. Re3 Nxe3 0-1

[Event "180th open MGU"]
[Site "Sofia"]
[Date "2017.01.21"]
[Round "3.4"]
[White "Babatov, Martin"]
[Black "Ruschukov, Boyan"]
[Result "1-0"]
[WhiteElo "1625"]
[BlackElo "1844"]
[PlyCount "57"]
[EventDate "2017.01.21"]
[EventType "swiss"]
[EventRounds "6"]
[EventCountry "BUL"]

1. d4 Nf6 2. c4 g6 3. Nc3 Bg7 4. e4 d6 5. h3 O-O 6. Nf3 e5 7. d5 Nh5 8. Be3 a5
({RR} 8... f5 9. a3 a5 10. c5 f4 11. Bd2 dxc5 12. Qb3 Kh8 13. Be2 Nf6 14. Rc1
b6 15. O-O Ne8 16. Rfd1 Nd6 17. Be1 Qe7 18. Nd2 Nd7 19. Qc2 Nf6 20. b4 axb4 21.
axb4 cxb4 22. Ncb1 Ra7 23. f3 {
Arnaudov,P (2464)-Cheparinov,I (2686)/Kozloduy 2014/CBM 160 Extra/0-1 (51)}) 9.
Qd2 $146 ({RR} 9. c5 Na6 10. cxd6 cxd6 11. Nd2 Nc5 12. g3 ({RR} 12. Bxc5 dxc5
13. a4 Kh8 14. g3 Nf6 15. Nc4 Ne8 16. h4 f5 17. h5 Qg5 18. hxg6 Qxg6 19. Qh5
Qxh5 20. Rxh5 Nf6 21. Rh4 Nxe4 22. Nxe4 fxe4 23. Nb6 Rb8 24. Nxc8 Rbxc8 25.
Rxe4 Rcd8 26. Bc4 Rd6 {
Arnaudov,P (2490)-Mareco,S (2557)/Varna 2013/CBM 155 Extra/1-0 (60)}) ({RR} 12.
Nc4 b6 13. Bxc5 {
1/2 Georgiev,V (2532)-Solak,D (2598)/Golden Sands 2013/CBM 154 Extra}) 12...
Nf6 13. Bxc5 dxc5 14. a4 Ne8 15. Nc4 Nd6 16. Nxd6 Qxd6 17. Nb5 Qb6 18. h4 Bd7
19. h5 Bxb5 20. Bxb5 Qd6 21. Bc4 Rad8 22. Ra3 f5 23. hxg6 hxg6 {
Kovalenko,I (2667)-Kollars,D (2445)/Jurmala 2016/CBM 171 Extra/1-0 (45)}) 9...
f5 10. exf5 gxf5 11. Bh6 Na6 12. Bxg7 Kxg7 13. g4 Nf4 14. Ne2 Nxe2 15. Bxe2 Nc5
16. gxf5 Rxf5 17. Rg1+ Kh8 18. Qh6 Qf6 19. Qe3 Bd7 20. O-O-O Rf8 21. Rg3 e4 22.
Nd2 Rxf2 23. Rdg1 Na4 24. Nxe4 Qxb2+ 25. Kd1 Qb1+ 26. Kd2 Qxa2+ 27. Kd1 R2f4 $4
(27... Nb2+ $19) 28. Qd4+ R4f6 29. Qxf6+ 1-0

[Event "180th open MGU"]
[Site "Sofia"]
[Date "2017.01.21"]
[Round "3.5"]
[White "Anavi, David"]
[Black "Kostov, Nikolay"]
[Result "1/2-1/2"]
[WhiteElo "1292"]
[BlackElo "1709"]
[PlyCount "49"]
[EventDate "2017.01.21"]
[EventType "swiss"]
[EventRounds "6"]
[EventCountry "BUL"]

1. e4 e5 2. Nf3 Nc6 3. Bb5 Nd4 4. Nxd4 exd4 5. c3 Qg5 6. Be2 ({RR} 6. Bf1 Bc5 (
{RR} 6... Qg6 7. d3 Nf6 8. cxd4 Bb4+ 9. Nc3 d6 10. Be3 O-O 11. a3 Bxc3+ 12.
bxc3 Bd7 13. g3 Nh5 14. Be2 Nf6 15. h4 Ng4 16. h5 Nxe3 17. hxg6 Nxd1 18. gxh7+
Kh8 19. Bxd1 f5 20. f3 Rf7 21. Be2 {Enachi,A (1038)-Bocanici,D (1039)/
Calimanesti Caciulata 2016/CBM 172 Extra/1/2 (57)}) 7. d3 Qe7 8. Nd2 Nf6 9. Be2
O-O 10. Nb3 dxc3 11. bxc3 Bb6 12. a4 c6 13. O-O Re8 14. a5 Bc7 15. f4 d6 16.
Bf3 Nd7 17. d4 f5 18. e5 dxe5 19. Ba3 Qf7 20. fxe5 Nf8 {
Hansen,E (2550)-Gibson,K (2244)/Windsor 2010/EXT 2012/1-0 (45)}) 6... d3 7. Bf1
d5 $146 ({RR} 7... Nf6 8. Qf3 Ng4 9. Qf5 Qxf5 10. exf5 Bc5 11. f3 Nf2 12. Rg1
O-O {0-1 Djurhuus,E (1831)-Ioannidis,E (2002)/Maribor 2012/EXT 2013}) 8. Qf3
Bg4 9. Qxd3 O-O-O 10. Qe3 Qxe3+ 11. dxe3 dxe4 12. Be2 Be6 13. Nd2 Nf6 14. Nb3
c5 15. Bd2 Be7 16. O-O-O Ng4 17. Be1 Rxd1+ 18. Bxd1 Ne5 19. Be2 a6 20. f3 Bc4
21. Bxc4 Nxc4 22. fxe4 Nxe3 23. Bf2 Nxg2 24. Bxc5 Bg5+ 25. Kb1 1/2-1/2

[Event "180th open MGU"]
[Site "Sofia"]
[Date "2017.01.21"]
[Round "3.8"]
[White "Georgiev, Nikolay Zh."]
[Black "Ivanov, Oleg M."]
[Result "0-1"]
[WhiteElo "1623"]
[BlackElo "1604"]
[PlyCount "60"]
[EventDate "2017.01.21"]
[EventType "swiss"]
[EventRounds "6"]
[EventCountry "BUL"]

1. e4 e5 2. Nf3 d5 3. Nxe5 Bd6 4. d4 ({RR} 4. Nxf7 Kxf7 5. Qh5+ Kf8 6. Qxd5 Nf6
7. Qc4 Qe8 8. Nc3 Be6 9. Qe2 Nc6 10. d3 Nd4 11. Qd1 Qh5 12. Be3 Qxd1+ 13. Kxd1
c5 14. h3 h6 15. f4 Nh5 16. e5 Ng3 17. Rg1 Be7 18. Ne4 Nxf1 {
Simic,A (2283)-Hodak,S (2235)/Babina Greda 2014/EXT 2016/0-1 (42)}) ({RR} 4. f4
Bxe5 5. fxe5 Qh4+ 6. Ke2 Bg4+ 7. Kd3 dxe4+ 8. Kxe4 Bxd1+ 9. Kd5 Bxc2 10. Nc3
Nc6 11. g3 Qd4# {0-1 Biletskyy,D-Hrabinska,A/Lvov 2016/EXT 2017}) 4... Qe7 5.
Be2 $146 ({RR} 5. Nc3 dxe4 6. Nd5 Qe6 ({RR} 6... Qd8 7. Bc4 Be6 8. O-O f6 9.
Nf4 Bxc4 10. Nxc4 Bxf4 11. Bxf4 Na6 12. Qh5+ Kf8 13. Rad1 Ne7 14. d5 g6 15. Qe2
Nxd5 16. Qxe4 c6 17. Rfe1 Kg7 18. Nd6 Nxf4 19. Qxf4 Qc7 20. Re6 Rhf8 21. Rde1 {
Boehm,T-Roggon,B/Bad Segeberg 2000/EXT 2002/1-0 (62)}) 7. Bc4 Qf5 8. g4 Qxe5 9.
dxe5 Bxe5 10. Bf4 Nd7 11. Bxe5 Nxe5 12. Nxc7+ Ke7 13. Be2 Rb8 14. Qd5 Ng6 15.
Qc5+ Kd8 16. O-O-O+ Bd7 17. Rxd7+ Kxd7 18. Rd1+ Kc8 19. Na6# {
1-0 Parrilli,F-Pipino,H (1981)/Villa Carlos Paz 2004/CBM 102 Extra}) ({RR} 5.
Qe2 Nf6 6. Bg5 Bxe5 7. dxe5 Qxe5 8. Bxf6 gxf6 9. exd5 Qxe2+ 10. Bxe2 Nd7 11.
Bb5 a6 12. Bxd7+ Bxd7 13. Nc3 O-O-O 14. O-O c6 15. d6 Bf5 16. Rad1 Bxc2 17. Rd2
Bf5 18. Re1 Rhe8 19. Rxe8 Rxe8 {
Trifonova,N-Kostylev,O/Gorodets 2014/EXT 2016/1/2}) 5... dxe4 6. Nc4 Nc6 7. O-O
Nf6 8. Re1 Bf5 9. Bg5 O-O-O 10. Bf3 Nxd4 11. Nxd6+ Rxd6 12. Bxe4 Bxe4 13. Bxf6
gxf6 14. f3 Nxf3+ 15. Qxf3 Bxf3 16. Rxe7 Rd1+ 17. Kf2 Bd5 18. Re1 Rxe1 19. Kxe1
Bxg2 20. Nc3 f5 21. Kf2 Be4 22. Nb5 c6 23. Na3 Rg8 24. Rg1 Rxg1 25. Kxg1 b5 26.
c3 Kd7 27. Kf2 Ke6 28. Kg3 Ke5 29. Kh4 f4 30. Kg5 f3 0-1

[Event "180th open MGU"]
[Site "Sofia"]
[Date "2017.01.22"]
[Round "4.1"]
[White "Andreev, Krasimir"]
[Black "Andreev, Dobrotich"]
[Result "1-0"]
[WhiteElo "1882"]
[BlackElo "1985"]
[PlyCount "53"]
[EventDate "2017.01.21"]
[EventType "swiss"]
[EventRounds "6"]
[EventCountry "BUL"]

1. e4 c6 2. d4 d5 3. exd5 cxd5 4. Bd3 Nc6 5. c3 g6 6. h3 Bf5 7. Nf3 Bxd3 8.
Qxd3 Bg7 9. Bf4 e6 10. O-O Nge7 11. Nbd2 ({RR} 11. Qb5 Qd7 12. Nbd2 O-O 13.
Rfe1 Rfc8 14. Nb3 Ne5 15. Qxd7 Nxd7 16. Na5 b6 17. Nb7 Rc6 18. Nd6 Nc8 19. Nxc8
Raxc8 20. Rad1 b5 21. a3 a5 22. Rc1 Nb6 23. Be5 Nc4 24. Bxg7 Kxg7 25. Ne5 Nxe5
{Petrov,A (1562)-Andreev,D (2073)/Sofia 2012/CBM 146 Extra/0-1 (45)}) 11... O-O
12. Rae1 $146 ({RR} 12. Rfe1 Rc8 13. Nb3 Na5 14. Nc5 b6 15. Nb3 Nc4 16. Re2 Nc6
17. Rb1 N6a5 18. Qd1 Nb7 19. Nbd2 Nxd2 20. Qxd2 Re8 21. Bh6 Bh8 22. Rbe1 Nd6
23. Ng5 Nf5 24. Nf3 Nxh6 25. Qxh6 Bg7 26. Qf4 Qc7 {
Witek,P-Klim,K/Kolobrzeg 2003/EXT 2007/0-1 (47)}) 12... Nf5 13. Re2 Qa5 14. a3
Qb6 15. Rb1 Rfc8 16. g4 Nfe7 17. h4 Qd8 18. Kg2 Na5 19. Rh1 Nc4 20. Nxc4 dxc4
21. Qe4 Qd5 22. h5 Qxe4 23. Rxe4 Nd5 24. hxg6 hxg6 25. Bg3 Nf6 26. Rf4 b5 27.
Ne5 1-0

[Event "180th open MGU"]
[Site "Sofia"]
[Date "2017.01.22"]
[Round "4.2"]
[White "Krasteva, Beloslava"]
[Black "Tzonev, Kirjl"]
[Result "1-0"]
[WhiteElo "1986"]
[BlackElo "1877"]
[PlyCount "45"]
[EventDate "2017.01.21"]
[EventType "swiss"]
[EventRounds "6"]
[EventCountry "BUL"]

1. d4 Nf6 2. c4 g6 3. Nc3 Bg7 4. e4 d6 5. Nf3 O-O 6. Be2 Nc6 7. d5 Nb8 8. Be3
c5 ({RR} 8... Na6 9. Nd2 e6 10. O-O Re8 11. Rc1 c5 12. Kh1 e5 13. a3 Rf8 14. f4
exf4 15. Bxf4 Qe7 16. Nb5 Ne8 17. Qb3 f5 18. Qg3 Bxb2 19. Rce1 Be5 20. Bd3 Ng7
21. exf5 Nh5 22. Qg5 Qxg5 23. Bxg5 {
Magerramov,E (2555)-Mirzoeva,E (2260)/Abu Dhabi 2001/EXT 2002/1-0 (33)}) ({RR} 
8... Ng4 9. Bd4 Ne5 10. Nxe5 dxe5 11. Be3 e6 12. Bc5 Re8 13. d6 Na6 14. Ba3
cxd6 15. Qxd6 Qg5 16. g3 Rd8 17. h4 Qf6 18. Qe7 Bd7 19. Qxf6 Bxf6 20. O-O-O
Rac8 21. Kb1 Nc5 22. f3 a6 23. Rd2 {
Petraitis,G (1902)-Grabarczyk,S (1725)/Kaunas 2015/CBM 167 Extra/1/2 (70)}) 9.
O-O $146 ({RR} 9. Qd2 Qa5 10. h3 a6 11. O-O b5 12. cxb5 axb5 13. e5 b4 14. Nb5
Ne4 15. Qc2 Bf5 16. Bd3 dxe5 17. Bxe4 Bxe4 18. Qxe4 Qxb5 19. Nxe5 Nd7 20. Nxd7
Qxd7 21. Bxc5 Bxb2 22. Rab1 Bc3 23. Bxe7 Rfe8 {
Demel,P (1932)-Kraemer,M (2104)/Bayern 2004/EXT 2007/0-1 (32)}) ({RR} 9. h3
Nbd7 ({RR} 9... a6 10. O-O Nbd7 11. Qc1 Rb8 12. a4 Ne8 13. Bh6 Ne5 14. Bxg7
Nxf3+ 15. Bxf3 Kxg7 16. Qe3 Qc7 17. Rae1 Nf6 18. Bd1 e5 19. f4 Qe7 20. f5 Bd7
21. h4 h6 22. g4 Nh7 23. Qh3 g5 24. Rf2 {
Markov,V (2125)-Petrovic,D (2215)/Pula 1989/EXT 1997/0-1 (42)}) 10. Qd2 a6 11.
Bh6 Qa5 12. Bxg7 Kxg7 13. O-O b5 14. Qc2 bxc4 15. Bxc4 Nb6 16. Be2 Nbd7 17. Nd2
Qc7 18. Rad1 Nb6 19. b3 Nfd7 20. Qb2 Kg8 21. a4 Bb7 22. a5 Nc8 23. Nc4 Na7 {
Cuadrado Lopez,F (1957)-Fernandez Lledo,J (2138)/Madrid 2011/CBM 140 Extra/1-0
(51)}) 9... a6 10. Ne1 e6 11. Rc1 Re8 12. a3 exd5 13. exd5 Nbd7 14. b4 b6 15.
Nf3 Rxe3 16. fxe3 Bh6 17. Qd3 Ng4 18. Nd1 Qe7 19. Kh1 Ndf6 20. Nh4 Bxe3 21.
Nxe3 Nxe3 22. Rxf6 Qxf6 23. Qxe3 1-0

[Event "180th open MGU"]
[Site "Sofia"]
[Date "2017.01.22"]
[Round "4.3"]
[White "Kostov, Nikolay"]
[Black "Babatov, Martin"]
[Result "0-1"]
[WhiteElo "1709"]
[BlackElo "1625"]
[PlyCount "58"]
[EventDate "2017.01.21"]
[EventType "swiss"]
[EventRounds "6"]
[EventCountry "BUL"]

1. d4 c6 2. e4 d5 3. Nc3 dxe4 4. Nxe4 Bf5 5. Ng3 Bg6 6. h4 h6 7. Nf3 Nd7 8. Bd3
Bxd3 9. Qxd3 Qc7 10. Be3 Ngf6 11. O-O-O O-O-O 12. Qb3 e6 13. Kb1 c5 $146 ({RR} 
13... Ng4 14. Ne2 Bd6 15. Rhf1 Qb6 16. Nd2 Qxb3 17. Nxb3 {
1/2 Balazs,T (2056)-Szili,I (2098)/Hungary 2000/EXT 2007}) 14. dxc5 Bxc5 15. c4
Bxe3 16. Qxe3 Kb8 17. b3 Ng4 18. Qe2 Qb6 19. Rd2 Ndf6 20. Rhd1 Rxd2 21. Rxd2
Rd8 22. Rxd8+ Qxd8 23. Ne5 Nxe5 24. Qxe5+ Qc7 25. Qe2 Qf4 26. Qd3 Kc7 27. c5
Nd5 28. Ne4 Qxh4 29. g3 Qxe4 0-1

[Event "180th open MGU"]
[Site "Sofia"]
[Date "2017.01.22"]
[Round "4.4"]
[White "Metev, Martin"]
[Black "Anavi, David"]
[Result "0-1"]
[WhiteElo "2062"]
[BlackElo "1292"]
[PlyCount "70"]
[EventDate "2017.01.21"]
[EventType "swiss"]
[EventRounds "6"]
[EventCountry "BUL"]

1. e4 e5 2. Nf3 Nc6 3. Bb5 a6 4. Ba4 Nf6 5. O-O Be7 6. Re1 b5 7. Bb3 d6 8. c3
O-O 9. h3 Na5 10. Bc2 c5 11. d4 Qc7 12. d5 Nb7 13. a4 ({RR} 13. Kh2 Kh8 14. g4
Ng8 15. Rg1 Bd7 16. Be3 g6 17. b3 f6 18. Nbd2 Rf7 19. a4 Qc8 20. Qe2 h5 21. Nh4
g5 22. Nf5 Rh7 23. axb5 axb5 24. Kg2 Bd8 25. Bd3 Ba5 26. Bxb5 Bxf5 27. exf5
Bxc3 {Garcia Pantoja,R (2456)-Gonzalez Arroyo,L (2233)/Oaxtepec 2016/CBM 171
Extra/1-0 (38)}) 13... Bd7 14. Nbd2 Rfe8 $146 ({RR} 14... c4 15. Nf1 Nc5 16.
axb5 axb5 17. Ra3 ({RR} 17. Rxa8 Rxa8 18. Ng3 g6 19. Nh2 Ra2 20. Qf3 Qc8 21.
Ngf1 Nh5 22. Ng4 Bxg4 23. hxg4 Nf4 24. Bxf4 exf4 25. Rb1 Bg5 26. g3 fxg3 27.
Qxg3 Qe8 28. f4 Bf6 29. g5 Bg7 30. Qf3 b4 31. cxb4 Na6 {
Crespo,R (2209)-Rada Equiza,M/Vila Real 2001/EXT 2002/0-1 (37)}) 17... Rxa3 18.
bxa3 Ra8 19. N1h2 Be8 20. Nd2 Qa5 21. Nb1 Na4 22. Qd2 Nd7 23. f4 exf4 24. Qxf4
Ne5 25. Re3 h6 26. Rg3 Bg5 27. Rxg5 hxg5 28. Qxg5 Qd8 29. Qg3 {
Konera,M (1626)-Pikulinski,J (1848)/Lublin 2013/CBM 158 Extra/0-1 (31)}) 15.
Nf1 h6 16. Ng3 Bf8 17. Nh2 g6 18. Be3 c4 19. Ng4 Nxg4 20. hxg4 Nc5 21. axb5
axb5 22. f3 Reb8 23. Kf2 Rxa1 24. Qxa1 b4 25. Qc1 Qb6 26. cxb4 Qxb4 27. Bxh6
Qxb2 28. Re2 Qxc1 29. Bxc1 Ba4 30. Bxa4 Nd3+ 31. Ke3 Bh6+ 32. f4 exf4+ 33. Kf3
Ne5+ 34. Kf2 fxg3+ 35. Kxg3 Bxc1 0-1

[Event "180th open MGU"]
[Site "Sofia"]
[Date "2017.01.22"]
[Round "4.5"]
[White "Kolev, Velio"]
[Black "Ignatov, Bojidar"]
[Result "1-0"]
[WhiteElo "1734"]
[BlackElo "1826"]
[PlyCount "32"]
[EventDate "2017.01.21"]
[EventType "swiss"]
[EventRounds "6"]
[EventCountry "BUL"]

1. Nf3 Nf6 2. g3 d5 3. Bg2 c5 4. O-O Nc6 5. d4 cxd4 6. Nxd4 e5 7. Nxc6 bxc6 8.
c4 Be6 9. Qa4 Qb6 $2 (9... Bd7 $142 $11) ({RR} 9... Qd7 10. Rd1 Rc8 11. Nd2 Bd6
12. e4 d4 13. Qc2 c5 14. Nf3 h6 15. Ne1 O-O 16. Nd3 Nh7 17. f4 exf4 18. gxf4 f5
19. e5 Be7 20. b3 Kh8 21. Qe2 Qe8 22. Bd2 g5 23. Bd5 Qf7 24. Bxe6 {
Vachier Lagrave,M (2789)-Anand,V (2770)/Leuven 2016/CBM 173/0-1 (51)}) 10. Nc3
Rd8 11. cxd5 Nxd5 12. Rd1 $146 ({RR} 12. Nxd5 Bxd5 13. Be3 Qb5 14. Qxb5 cxb5
15. Rfd1 Bxg2 16. Rxd8+ Kxd8 17. Kxg2 a6 18. Bb6+ Kc8 19. Rc1+ Kb7 20. Bc7 f6
21. e4 Be7 22. Ba5 Bd8 23. Bb4 Bb6 24. f3 Rd8 25. Kf1 Rd3 26. Kg2 Be3 {
Bergersen,P (1502)-Skogli,P (1640)/Oslo 2009/EXT 2011/1/2}) 12... Ke7 13. Bd2
f6 14. Nxd5+ Bxd5 15. Ba5 Qb8 16. Bxd8+ Qxd8 1-0

[Event "180th open MGU"]
[Site "Sofia"]
[Date "2017.01.22"]
[Round "4.7"]
[White "Ivanov, Oleg M"]
[Black "Mladenov, Andrey"]
[Result "0-1"]
[WhiteElo "1604"]
[BlackElo "1589"]
[PlyCount "70"]
[EventDate "2017.01.21"]
[EventType "swiss"]
[EventRounds "6"]
[EventCountry "BUL"]

1. Nf3 Nf6 2. b4 d5 3. Bb2 e6 4. a3 Be7 ({RR} 4... c5 5. b5 Be7 6. e3 O-O 7.
Be2 a6 8. a4 axb5 9. Bxb5 Nc6 10. O-O Bd7 11. d3 {
1/2 Stevic,H (2606)-Zelcic,R (2501)/Schwarzach 2015/EXT 2016}) 5. d3 $146 ({RR
} 5. d4 O-O 6. e3 ({RR} 6. Nfd2 Nbd7 7. f3 Nb6 8. e3 Na4 9. Bc1 Nb6 10. Bd3 c6
11. O-O Qc7 12. f4 a5 13. bxa5 Rxa5 14. Nb3 Ra8 15. N1d2 Na4 16. g4 c5 17. g5
c4 18. gxf6 Bxf6 19. Be2 cxb3 20. Nxb3 Nc3 {
Anikin,V (1863)-Parshakov,V (2006)/Uljanovsk 2010/EXT 2012/1/2 (50)}) 6... Nbd7
7. c4 dxc4 8. Bxc4 a5 9. b5 Nb6 10. Bd3 Nbd5 11. O-O Bd7 12. Nc3 Nxc3 13. Bxc3
Nd5 14. Bd2 c6 15. e4 Nf6 16. Ng5 g6 17. f4 cxb5 18. Qf3 h6 19. Nh3 Bc6 {
Ivanov,O (1632)-Mladenov,A (1615)/Sofia 2016/CBM 173 Extra/0-1 (32)}) ({RR} 5.
g3 O-O 6. Bg2 c5 7. bxc5 Bxc5 8. O-O Nc6 9. d4 Bd6 10. Nbd2 Bd7 11. c4 Rc8 12.
Re1 Ne4 13. Nxe4 dxe4 14. Nd2 f5 15. e3 Be8 16. c5 Be7 17. f3 Bh5 18. Qb3 exf3
19. Nxf3 Qd7 {
Janusaitis,M (1967)-O'Rourke,R (2026)/Dublin 2012/CBM 149 Extra/0-1 (34)}) 5...
O-O 6. Nbd2 c6 7. c4 a5 8. c5 axb4 9. axb4 Rxa1 10. Qxa1 b6 11. d4 Ba6 12. Ne5
Qc7 13. g3 Qb7 14. Nd3 Nbd7 15. Bg2 Ra8 16. Qc1 Bxd3 17. exd3 Qa6 18. O-O bxc5
19. dxc5 Qxd3 20. Rd1 Qb5 21. Bc3 Ra4 22. Qc2 Ra7 23. Nb3 Qb8 24. Na5 Qc7 25.
Bf1 Ne4 26. Be1 Ne5 27. Qa4 Nf3+ 28. Kg2 Nxe1+ 29. Rxe1 Bxc5 30. Qxc6 Bxb4 31.
Qe8+ Bf8 32. Nc6 Nd6 33. Qb8 Qxb8 34. Nxb8 Ra2 35. Rc1 g6 0-1